Statistics for JAZA加盟水族館の所在市町村

Click here to take the quiz!

General Stats

  • This quiz has been taken 51 times
  • The average score is 35 of 51

Answer Stats

園名都道府県市区町村% Correct
__シーワールド千葉県鴨川市
98%
__・八景島シーパラダイス神奈川県横浜市
98%
マクセル アクアパーク品川東京都港区
98%
東京都葛西臨海水族園東京都江戸川区
98%
__(ひらがな)水族館東京都品川区
95%
サンシャイン水族館東京都豊島区
93%
カワスイ __水族館神奈川県川崎市
93%
よみうりランドアシカ館神奈川県川崎市
93%
__水族館三重県鳥羽市
90%
AQUQRIUM×ART átoa(アトア)兵庫県神戸市
90%
__市立須磨海浜水族園兵庫県神戸市
90%
__・海遊館大阪府大阪市
90%
__港水族館愛知県名古屋市
88%
SEA LIFE __愛知県名古屋市
88%
__水族館京都府京都市
85%
マリンワールド海の中道福岡県福岡市
85%
ふくしま海洋科学館福島県いわき市
85%
公益社団法人桂浜水族館高知県高知市
85%
__市水族館マリンピア日本海新潟県新潟市
83%
__ペンギン水族館長崎県長崎市
80%
__マリーンパレス水族館「うみたまご」大分県大分市
80%
__(ひらがな)水族館鹿児島県鹿児島市
80%
__市寺泊水族博物館新潟県長岡市
78%
__夫婦岩ふれあい水族館シーパラダイス三重県伊勢市
78%
新__(ひらがな)サンピアザ水族館北海道札幌市
76%
__市立水族館兵庫県姫路市
76%
__市立加茂水族館山形県鶴岡市
76%
城崎マリンワールド兵庫県豊岡市
73%
__(ひらがな)水族館東京都墨田区
73%
滋賀県立琵琶湖博物館滋賀県草津市
73%
宮島水族館広島県廿日市市
73%
__水族館北海道小樽市
71%
のとじま臨海公園水族館石川県七尾市
63%
高知県立足摺海洋館高知県土佐清水市
61%
東海大学海洋科学博物館静岡県静岡市
59%
島根県立しまね海洋館島根県浜田市
56%
__水族館GAO秋田県男鹿市
56%
沖縄美ら海水族館沖縄県国頭郡本部町
54%
__市立水族博物館新潟県上越市
54%
NIFREL大阪府吹田市
49%
__海中公園センター和歌山県東牟婁郡串本町
49%
市立__海洋博物館岡山県玉野市
44%
サケのふるさと__水族館北海道千歳市
44%
__エネルギー研究所水族館京都府宮津市
41%
__海浜水族館愛知県碧南市
34%
山梨県立富士湧水の里水族館山梨県南都留郡忍野村
32%
さいたま水族館埼玉県羽生市
29%
虹の森公園おさかな館愛媛県北宇和郡松野町
24%
栃木県なかがわ水遊園栃木県大田原市
24%
__マリンパークニクス北海道登別市
24%
アクアマリン__(ひらがな)カワセミ水族館福島県耶麻郡猪苗代町
17%

Score Distribution

Percentile by Number Answered

Percent of People with Each Score

Your Score History

You have not taken this quiz